=LDR 00000nam 2200000 4500 =001 INLIS000000000037528 =005 20130612143246 =008 ***********************************Ind** =035 ##$$0010-061300000037528 =041 ##$$a Ind =082 ##$$a F.Rom.K =090 ##$$a F.Rom.K, Mar r =100 ##$$a Marsoli, Lisa =245 ##$$a Rommin slammin relay, Balapan Estafet, Lisa Marsoli =260 ##$$a 2010 $b Jakarta =300 ##$$a 24 hlm, Ilus, 25 cm =650 ##$$a Fiksi Kanak - Kanak =850 ##$$a NBPNMAT =990 ##$$a 21400613/BPAP-NTB/20142014 =990 ##$$a 0001/BPAP-NTB/20142014